10 tôn giáo lớn trên thế giới

Đã lưu trong:
書目詳細資料
主要作者: Hoàng, Tâm Xuyên (Chủ biên)
格式: 圖書
語言:Vietnamese
出版: Hà Nội Chính trị quốc gia 2014
版:Tái bản lần thứ tư
主題:
標簽: 添加標簽
沒有標簽, 成為第一個標記此記錄!
Thư viện lưu trữ: Trung tâm Học liệu Lê Vũ Hùng, Trường Đại học Đồng Tháp
LEADER 01055aam a22003618a 4500
001 00032752
005 20171026081025.0
008 141112s2014 ||||||viesd
020 # # |c 130000  |a 9786045711224 
041 0 # |a vie 
082 1 4 |a 200.1  |b M558T 
100 1 # |a Hoàng, Tâm Xuyên  |e Chủ biên 
245 0 0 |a 10 tôn giáo lớn trên thế giới  |c Hoàng Tâm Xuyên (ch.b) 
250 # # |a Tái bản lần thứ tư 
260 # # |a Hà Nội  |b Chính trị quốc gia  |c 2014 
300 # # |a 642 tr.  |c 24 cm. 
653 # # |a Giáo quy 
653 # # |a Đạo 
653 # # |a Văn minh 
653 # # |a Tôn giáo 
653 # # |a Thế giới 
653 # # |a Phong tục 
653 # # |a Lịch sử 
852 # # |j KD.0016251  |j KM.0017361  |j KM.0017360 
852 # # |b Kho đọc  |j KD.0016251 
852 # # |b Kho mượn  |j KM.0017361, KM.0017360 
910 |d 12/11/2014 
980 # # |a Trung tâm Học liệu Lê Vũ Hùng, Trường Đại học Đồng Tháp